| 000 | 00943nam a2200241 a 4500 | ||
|---|---|---|---|
| 001 | 45796 | ||
| 003 | BD-RjUL | ||
| 005 | 20211209054053.0 | ||
| 008 | 280716s1997 ir 000 0 eng d | ||
| 020 | _a: 964617728X | ||
| 035 | _a(BD-RjUL)45914 | ||
| 040 |
_aNYP _cNYP _dDLC _dBD-RjUL _beng |
||
| 041 | 1 | _aeng | |
| 082 |
_223 _a297.5 _bNAJ 1997 |
||
| 100 | 1 |
_aNarāqī, Muḥammad Mahdī ibn Abī Z̲arr, _d-1794 or 1795. _9140076 |
|
| 245 | 1 | 0 |
_aJãmiʻ al-saʻãdat : _bThe collector of felicities / _cby Muhammad Mahdi ibn abī Dharr al-Narāqi ; condensed from Arabic text by Muhammad Bāqir Ansāri ; translated by Shahyār Saʻādat. |
| 250 | _a1st ed. | ||
| 260 |
_aTehran : _bDepartment of Translation and Publication, Islamic Culture and Relations Organization, _c1997. |
||
| 300 |
_a77 p. ; _c21 cm. |
||
| 650 | 0 |
_aIslamic ethics _vEarly works to 1800. _9140077 |
|
| 700 | 1 |
_aAnṣārī, Muḥammad Bāqir. _9140078 |
|
| 942 |
_2ddc _cBK |
||
| 999 |
_c45796 _d45796 |
||